| 000 | 00777nam a2200217 a 4500 | ||
|---|---|---|---|
| 005 | 20240420064116.0 | ||
| 008 | 010912s1994 r 000 0 eng d | ||
| 020 | _a9706204539 | ||
| 035 | _aUPN01000111345 | ||
| 049 | _aCG | ||
| 050 | 4 |
_aJL1224 _bM4.8 |
|
| 245 | 0 | 0 |
_aMéxico, una sociedad en cambio : _breflexiones sobre política y cultura / _cFrancisco Salazar Sotelo ... [et al.] ; coord. Manuel Jiménez Castillo. |
| 260 |
_aMéxico : _bUAM-Azcapotzalco, _c1994. |
||
| 300 | _a307 p. | ||
| 440 | 0 | _aResultados de investigación | |
| 651 | 4 |
_aMéxico _xPolítica y gobierno _ySiglo XX _94442 |
|
| 651 | 4 |
_aMéxico _xCondiciones sociales _ySiglo XX _93318 |
|
| 700 | 1 |
_aSalazar Sotelo, Francisco, _ecoaut. |
|
| 700 | 1 |
_aJiménez Castillo, Manuel, _ecoord. |
|
| 905 | _aLibro | ||
| 999 |
_c85254 _d85254 |
||